000 01060cam a2200241 a 4500
001 16630464
003 OSt
005 20240530110433.0
008 110131s2011 ua g b 001 0 eng
020 _a9789774164927
040 _cEG-CaGPL
_aEG-CaGPL
082 0 4 _221
_a297.082\
_bS I
100 1 _aSherine Hafez
245 1 3 _aAn Islam of her own :
_breconsidering religion and secularism in women's Islamic movements /
_cSherine Hafez.
260 _aCairo :
_bThe American University in Cairo Press,
_cc2011.
300 _axi, 191 p. ;
_c22 cm.
504 _aIncludes bibliographical references (p. 175-182) and index.
505 0 _aIntroducing desiring subjects -- Writing religion : Islam and subjectivity -- Women's Islamic movements in the making -- An Islam of her own : narratives of activism -- Desires for ideal womanhood -- Development and social change : Mehmeit -- Reconsidering women's desires in Islamic movements.
650 0 _aWomen in Islam.
650 0 _aFeminism
_zIslamic countries.
942 _2ddc
_cBK
999 _c60880
_d60880